| 000 | 00903njm a2200265Ia 4500 | ||
|---|---|---|---|
| 001 | 25929 | ||
| 003 | IT-RoPAU | ||
| 005 | 20220918181127.0 | ||
| 008 | 131025s9999 xx 000 0 und d | ||
| 040 | _aIT-RoPAU | ||
| 040 | _cIT-RoPAU | ||
| 999 |
_c100271 _d100271 |
||
| 999 | _bNO | ||
| 100 |
_aBeethoven Ludwig Van _914949 |
||
| 100 |
_eAutore musica _914950 |
||
| 100 |
_gCodice autore musica SPICS: 10721 _914951 |
||
| 245 | _aSonate per piano (1) | ||
| 250 | _a1a ed. | ||
| 260 | _aROMA | ||
| 260 |
_bSPICS RECORDS _c1985 [1a Ed.:1985] |
||
| 300 | _aMUSICASSETTA | ||
| 500 | _aMusica classica, strumentale | ||
| 505 | _aSonata per pf n 7 in re maggiore op 10 n 3 (1798) - Sonata per pf n 17 in re maggiore op 31 n 2 (1802) - Sonata per pf n 11 in si maggiore op 22 (1800) - Sonata per pf n 28 in la maggiore op 101 (1816) | ||
| 650 |
_aCLASSICA [CASSETTE] _eCodice MATERIA SPICS: 9951 _914952 |
||
| 942 |
_cMC _2ddc |
||